000 00742cam a2200157 4500500
005 20260329001939.0
041 _afre
042 _adc
100 1 0 _aLabey, Gildas
_eauthor
245 0 0 _aHenri Atlan, Pour un athéisme éclairé. Des Lumières au monde hébraïque, L’hypothèse inutile. Odile Jacob, 2025, 208 páginas, 23,90 euros.
260 _c2026.
500 _a63
520 _aEva Jospin nos invita a un viaje hacia lo universal en el arte: la fascinante exploración de sus cuevas, presentada en el Grand Palais, nos invita a buscar las convergencias humanas.
786 0 _nÉtudes | 4334 | 2 | 2026-01-26 | p. 130a-131
856 4 1 _uhttps://shs.cairn.info/revista-etudes-2026-2-page-130a?lang=es&redirect-ssocas=7080
999 _c1810207
_d1810207